South Asian security:Problems and prospects (Record no. 232757)

MARC details
000 -LEADER
fixed length control field 00377nam a2200145Ia 4500
008 - FIXED-LENGTH DATA ELEMENTS--GENERAL INFORMATION
fixed length control field 230917s9999||||xx |||||||||||||| ||und||
040 ## - CATALOGING SOURCE
-- 2409
Original cataloging agency VIVEKANANDA LIBRARY
041 ## - Language
-- English
082 ## - DDC NUMBER
Classification number 327.116 J199S
100 ## - MAIN ENTRY--PERSONAL NAME
Personal name Jain, B M
245 #0 - TITLE STATEMENT
Title South Asian security:Problems and prospects
260 ## - PUBLICATION, DISTRIBUTION, ETC. (IMPRINT)
Place of publication, distribution, etc New Delhi
Name of publisher, distributor, etc Radiant Publishers
Date of publication, distribution, etc 1985
300 ## - PHYSICAL DESCRIPTION
Pages xiii, 201 p.
942 ## - ADDED ENTRY ELEMENTS (KOHA)
Koha item type Old Books
Holdings
Withdrawn status Lost status Damaged status Not for loan Location (home branch) Sublocation or collection (holding branch) Date acquired Koha issues (times borrowed) Koha full call number Accession No. Koha date last seen Koha item type
        VIVEKANANDA LIBRARY VIVEKANANDA LIBRARY 08/08/2002   327.116 J199S BB3399 17/09/2023 Old Books
© Designed and Maintained by Vivekananda Library, MDU Rohtak